000 00482nam a2200193Ia 4500
003 GCL
008 140319s9999 xx 000 0 ara d
040 _aGCL /
_cGCL
082 0 4 _aد
_b050
_bا د
100 1 _aدار المعارف
245 1 0 _aاقرا /
_cدار المعارف
300 _aمتعدد
490 _aاقرأ
_v0
650 0 4 _aالادب العربى
650 0 4 _aالقصص
650 0 4 _aدوريات
650 0 4 _aالمجموعات
942 _2ddc
_cBK
999 _c27093
_d27093